000 00527nam a2200169 i 4500
001 23761
003 ES-MaACL
005 20230906152930.0
007 t|
008 021212s1932 xxk ||||1| eng d
100 1 _aAnderson, J. G.
_921450
245 1 3 _aLe mot juste
_b: an anglo-french lexicon with verbal illustrations /
_cby J.G. Anderson ; avant propos de Louis Cazamian.
260 _aLondon :
_bJ.M. Dent,
_c1932.
300 _aXII, 382 p. ;
_c23 cm.
700 1 _aCazamian, Louis.
_937227
852 _aES-MaACL
_jA-2513
999 _c23761
_d23761